Words that start with X - Statistics

General Stats
  • This quiz has been taken 28 times
    17 since last reset
  • The average score is 4 of 8
Answer Stats
Hint Answer % Correct
A medical device used by doctors to examine bones x-ray
93%
An instrument similar to a metallophone xylophone
93%
Element 54 on the periodic table xenon
79%
A short Chinese dynasty that lasted from 9-25 A. D. xin
57%
The vascular tissue in plants that conducts water anddissolved nutrients upward from the root. xylem
36%
A sweetener that is mostly used in gum xylitol
14%
A food additive that is also used in gum xanthan
0%
A surgical procedure in which live organs or tissue from anon-human source are transplanted to a human xenotransplantation
0%
No matching quizzes found
Score Distribution
Percent of People with Each Score
Percentile by Number Answered
Your Score History
You have not taken this quiz since the last reset